000
00340pam a2200157a 44500
008
230515b1985 xxu||||| |||| 00| 0 eng d
020
_a
NULL
041
_a
ENGL
082
_a
620.104 / RAN
100
_a
RANSEY A.S.
245
_a
DYNAMICS PART2
250
_a
N.D.
260
_a
NULL
_b
C.B.S
_c
1985
300
_a
344 PB
650
_a
NULL
999
_c
617427
_d
617427